00393nam a2200145Ia 4500008004100000020001500041041000800056082001700064100002100081245007900102250000600181260002900187300001100216650002000227210716s2006 xx 000 0 und d a0749445572 aeng a658.802 ZAND aZanetti, Daniel. aAmaze your customers: creative tips on winning and keeping your customers. a1 aLondonbKogan Pagec2006 axi,144 aRural Marketing